Normal view
MARC view
Entry Personal Name
001 - CONTROL NUMBER
- control field: 85611
003 - CONTROL NUMBER IDENTIFIER
- control field: dpl
005 - DATE AND TIME OF LATEST TRANSACTION
- control field: 20251031155625.0
008 - FIXED-LENGTH DATA ELEMENTS
- fixed length control field: 251031|| aca||aabn | a|a d
040 ## - CATALOGING SOURCE
- Original cataloging agency: dpl
- Transcribing agency: dpl
100 ## - HEADING--PERSONAL NAME
- Personal name: सुंदरलाल उत्सुक
670 ## - SOURCE DATA FOUND
- Source citation: Work cat.: (dpl)213715: सुंदरलाल उत्सुक, लटकते सवाल /, 2022
